| 000 | 01243nam a2200349Ii 4500 | ||
|---|---|---|---|
| 001 | 20558877 | ||
| 003 | OCoLC | ||
| 005 | 20180606232807.0 | ||
| 008 | 891027t19891989mx a j 000 1 spa d | ||
| 020 |
_a9686048235 _q(cartone) _c$12.95 |
||
| 020 |
_a9686048243 _q(Rustica) |
||
| 040 |
_aIFA _erda _cIFA _dPAP |
||
| 041 | _aspa | ||
| 090 | _aJ SPANISH PICTURE BOOK ZAK | ||
| 100 | 1 |
_aZak, Monica, _d1939- |
|
| 245 | 1 | 0 |
_aSalven mi selva / _cMonica Zak ; ilustraciones: Bengt-Arne Runnerstrom. |
| 260 |
_a[Mexico, D.F.] : _bSITESA, _cc1989. |
||
| 264 | 1 |
_a[Mexico, D.F.] : _bSITESA, _c[1989] |
|
| 264 | 4 | _cc1989. | |
| 300 |
_a29 unnumbered pages : _bcolor illustrations ; _c29 x 22 cm. |
||
| 336 |
_atext _btxt _2rdacontent. |
||
| 337 |
_aunmediated _bn _2rdamedia. |
||
| 338 |
_avolume _bnc _2rdacarrier. |
||
| 520 | _aUn nino pide al Presidente de Mexico para proteger la selva Lacandona. [A little boy asks the President of Mexico to save the Lacandona Forest.] | ||
| 526 | 0 |
_aAccelerated Reader AR _bLG _c4.6 _d1.0 _z20365. |
|
| 650 | 1 | _aConservation of natural resources. | |
| 650 | 1 | _aForests and forestry. | |
| 655 | 0 | _aSpanish language materials. | |
| 655 | 0 | _aJuvenile literature. | |
| 655 | 0 | _aJuvenile fiction. | |
| 942 | _cBK | ||
| 999 |
_c20870 _d20870 |
||